00257nam a2200097Ia 4500008004100000100001600041245004200057260003700099300001000136650001300146190216s9999||||xx |||||||||||||| ||und|| aBrech E F L 0aPrinciples And Practice Of Mangement bNew Central Book Agenciesc1970 a1066p aCommerce